Handbuch für kupferstichsammler (Record no. 5674)

MARC details
000 -CABECERA
campo de control de longitud fija 00666nam a2200241 a 4500
001 - NÚMERO DE CONTROL
campo de control BRCA_5985
005 - FECHA Y HORA DE LA ÚLTIMA TRANSACCIÓN
campo de control 20190320205305.0
008 - DATOS DE LONGITUD FIJA--INFORMACIÓN GENERAL
campo de control de longitud fija 290311s18701873gw-#######---#000-0#ger-#
041 ## - CÓDIGO DE LENGUA
Código de lengua del texto/banda sonora o título independiente ger
044 ## - CÓDIGO DEL PAÍS DE LA ENTIDAD EDITORA/PRODUCTORA
Código MARC del país gw
050 #4 - SIGNATURA TOPOGRÁFICA DE LA BIBLIOTECA DEL CONGRESO
Número de clasificación NE90
Número de documento/Ítem .H45 1870
100 1# - ENTRADA PRINCIPAL--NOMBRE DE PERSONA
Nombre de persona Heller, Joseph
9 (RLIN) 7360
245 10 - MENCIÓN DE TÍTULO
Título Handbuch für kupferstichsammler
Mención de responsabilidad, etc. Joseph Heller.
260 ## - PUBLICACIÓN, DISTRIBUCIÓN, ETC.
Lugar de publicación, distribución, etc. Leipzig
Nombre del editor, distribuidor, etc. T. O. Weigel
Fecha de publicación, distribución, etc. 1870-73
300 ## - DESCRIPCIÓN FÍSICA
Extensión 2 v.
Dimensiones 24 cm.
500 ## - NOTA GENERAL
Nota general G98
501 ## - NOTA DE "CON"
Nota de “Con” Contenido: v.1. 1873. -- v. 2. 1873
650 14 - PUNTO DE ACCESO ADICIONAL DE MATERIA--TÉRMINO DE MATERIA
Término de materia o nombre geográfico como elemento de entrada Grabadores
Subdivisión de forma Diccionarios
9 (RLIN) 15119
650 14 - PUNTO DE ACCESO ADICIONAL DE MATERIA--TÉRMINO DE MATERIA
Término de materia o nombre geográfico como elemento de entrada Grabadores
Subdivisión de forma Catálogos
9 (RLIN) 15120
700 1# - PUNTO DE ACCESO ADICIONAL--NOMBRE DE PERSONA
Nombre de persona Andresen, Andreas
Fechas asociadas al nombre 1828-1871
9 (RLIN) 7215
902 ## - CATALOGADOR
Iniciales GFM
942 ## - ELEMENTOS DE PUNTO DE ACCESO ADICIONAL (KOHA)
Fuente del sistema de clasificación o colocación Library of Congress Classification
Tipo de ítem Koha Libros
Holdings
Estado de retiro Estado de pérdida Estado dañado No para préstamo Localización permanente Ubicación/localización actual Fecha de adquisición Número de inventario Total de préstamos Signatura topográfica completa Código de barras Fecha visto por última vez Precio válido a partir de Tipo de ítem Koha
El ejemplar forma parte de la colección y puede ser consultado según las políticas vigentes.       Biblioteca del Museo Franz Mayer (Rogerio Casas-Alatriste) Biblioteca del Museo Franz Mayer (Rogerio Casas-Alatriste) 29/03/2011 G98   NE90 .H45 1870 (G98) 6424 22/03/2019 22/03/2019 Libros